Normal view
MARC view
Entry Personal Name
001 - CONTROL NUMBER
- control field: 27972
003 - CONTROL NUMBER IDENTIFIER
- control field: OSt
005 - DATE AND TIME OF LATEST TRANSACTION
- control field: 20211005161351.0
008 - FIXED-LENGTH DATA ELEMENTS
- fixed length control field: 211005|| aca||aabn | a|a d
040 ## - CATALOGING SOURCE
- Original cataloging agency: OSt
- Transcribing agency: OSt
100 ## - HEADING--PERSONAL NAME
- Personal name: Fordham- Wolf, Susan
670 ## - SOURCE DATA FOUND
- Source citation: Work cat.: (OSt)517709: Fordham- Wolf, Susan , Integrating government silos: Local emergency management and public health department collaboration for emergency planning and response
